000 00561cam a2200169 4500500
005 20260329002609.0
041 _afre
042 _adc
100 1 0 _aDuval, Jean-François
_eauthor
245 0 0 _aJacques Attali, Jean-Claude Monod. Les politiques sont-ils encore aux manettes?
260 _c2013.
500 _a47
690 _aHistoire
690 _aLeader
786 0 _nPhilosophie magazine | 66 | 2 | 2013-02-01 | p. 31-32 | 1951-1787
856 4 1 _uhttps://shs.cairn.info/magazine-philosophie-magazine-2013-2-page-31?lang=fr&redirect-ssocas=7080
999 _c1816470
_d1816470